[Event "SVK-ch U10"]
[Site "Liptovsky Mikulas"]
[Date "2018.04.22"]
[Round "2"]
[White "Icsek, Michael"]
[Black "Kovac, Radovan"]
[Result "1/2-1/2"]
[WhiteElo "1111"]
[BlackElo "1000"]
[PlyCount "38"]
[EventDate "2018.04.21"]
[EventType "swiss"]
[EventRounds "9"]
[EventCountry "SVK"]
[SourceTitle "CBM 184 Extra"]
[Source "ChessBase"]
[SourceDate "2018.06.28"]
[SourceVersion "1"]
[SourceVersionDate "2018.06.28"]
[SourceQuality "1"]

1. e4 c5 2. Nf3 Nc6 3. Nc3 e5 4. Bc4 Nf6 5. Ng5 Qe7 6. Qe2 h6 7. Nxf7 Rh7 8. Qd3 d6 9. Nxd6+ Qxd6 10. Qxd6 Bxd6 11. 0-0 Bd7 12. Re1 0-0-0 13. Nb5 Ne8 14. d3 Be7 15. Bd2 Bg5 16. Be3 Bf6 17. a3 g5 18. b4 cxb4 19. axb4 a6 1/2-1/2

[Event "SVK-ch U10"]
[Site "Liptovsky Mikulas"]
[Date "2018.04.22"]
[Round "3"]
[White "Kuskov, Oliver"]
[Black "Icsek, Michael"]
[Result "0-1"]
[WhiteElo "1000"]
[BlackElo "1111"]
[PlyCount "32"]
[EventDate "2018.04.21"]
[EventType "swiss"]
[EventRounds "9"]
[EventCountry "SVK"]
[SourceTitle "CBM 184 Extra"]
[Source "ChessBase"]
[SourceDate "2018.06.28"]
[SourceVersion "1"]
[SourceVersionDate "2018.06.28"]
[SourceQuality "1"]

1. e4 c6 2. Nf3 Nf6 3. Nc3 d5 4. exd5 cxd5 5. d4 Nc6 6. Bb5 Bd7 7. Bxc6 Bxc6 8. Bf4 e6 9. Ne5 Qc8 10. Nxc6 Qxc6 11. 0-0 Bd6 12. Bxd6 Qxd6 13. Qe2 0-0 14. Nb5 Qf4 15. Nc3 Ng4 16. f3 Qxh2# 0-1

[Event "SVK-ch U08"]
[Site "Liptovsky Mikulas"]
[Date "2017.04.25"]
[Round "6"]
[White "Hudak, Michal"]
[Black "Icsek, Michael"]
[Result "1-0"]
[WhiteElo "1000"]
[BlackElo "1071"]
[PlyCount "47"]
[EventDate "2017.04.22"]
[EventType "swiss"]
[EventRounds "9"]
[EventCountry "SVK"]
[SourceTitle "CBM 178 Extra"]
[Source "ChessBase"]
[SourceDate "2017.06.22"]
[SourceVersion "1"]
[SourceVersionDate "2017.06.22"]
[SourceQuality "1"]

1. e4 e5 2. Bc4 Nf6 3. d3 d5 4. Bxd5 Nxd5 5. exd5 Qxd5 6. f3 Nc6 7. Nc3 Bb4 8. Bd2 Qd4 9. Nge2 Qc5 10. Ne4 Qb6 11. c3 Be7 12. b4 0-0 13. a4 a5 14. b5 Na7 15. d4 Bf5 16. dxe5 Bxe4 17. fxe4 Rad8 18. Nd4 f6 19. Qg4 Kf7 20. Qh5+ Kg8 21. Be3 Rde8 22. Nf5 Qe6 23. Qg4 Qd7 24. Qxg7# 1-0

[Event "SVK-ch U08"]
[Site "Liptovsky Mikulas"]
[Date "2017.04.23"]
[Round "2"]
[White "Elias, Simon"]
[Black "Icsek, Michael"]
[Result "0-1"]
[WhiteElo "1000"]
[BlackElo "1071"]
[PlyCount "106"]
[EventDate "2017.04.22"]
[EventType "swiss"]
[EventRounds "9"]
[EventCountry "SVK"]
[SourceTitle "CBM 178 Extra"]
[Source "ChessBase"]
[SourceDate "2017.06.22"]
[SourceVersion "1"]
[SourceVersionDate "2017.06.22"]
[SourceQuality "1"]

1. e4 e5 2. Bc4 Nf6 3. Nf3 Nc6 4. Nc3 Nxe4 5. Nxe4 d5 6. Nxe5 Nxe5 7. Bb5+ c6 8. f4 cxb5 9. fxe5 dxe4 10. Qh5 g6 11. Qe2 Bf5 12. Qxb5+ Qd7 13. Qb3 Bg7 14. e6 Bxe6 15. Qe3 Bd5 16. Qg5 0-0 17. Qe3 Qg4 18. h3 Qxg2 19. Rg1 Qh2 20. d3 Rae8 21. Qf2 exd3+ 22. Be3 Qxf2+ 23. Kxf2 dxc2 24. Rac1 Be4 25. Bc5 Bxb2 26. Bxf8 Bxc1 27. Rxc1 Rxf8 28. Ke3 Bf5 29. Kf4 Bxh3 30. Rxc2 f5 31. Rc7 h5 32. Kg5 Bg2 33. Rc2 Bf3 34. Kf4 Be4 35. Rc3 Rd8 36. Kg5 Kh7 37. Rc7+ Kg8 38. Kxg6 h4 39. Rg7+ Kf8 40. Rh7 f4+ 41. Kg5 Bxh7 42. Kxf4 Bf5 43. Kf3 h3 44. Kg3 Rd3+ 45. Kh2 a5 46. Kh1 b5 47. Kg1 a4 48. Kf2 b4 49. Ke2 h2 50. Kf2 h1Q 51. Ke2 Qh2+ 52. Ke1 Rg3 53. Kf1 Rg1# 0-1

[Event "SVK-ch U08"]
[Site "Liptovsky Mikulas"]
[Date "2017.04.23"]
[Round "3"]
[White "Icsek, Michael"]
[Black "Stolar, Florian"]
[Result "1-0"]
[WhiteElo "1071"]
[BlackElo "1000"]
[PlyCount "113"]
[EventDate "2017.04.22"]
[EventType "swiss"]
[EventRounds "9"]
[EventCountry "SVK"]
[SourceTitle "CBM 178 Extra"]
[Source "ChessBase"]
[SourceDate "2017.06.22"]
[SourceVersion "1"]
[SourceVersionDate "2017.06.22"]
[SourceQuality "1"]

1. e4 e5 2. Nf3 Nc6 3. Bc4 h6 4. d3 Nf6 5. 0-0 Bc5 6. c3 0-0 7. h3 Qe8 8. Re1 d6 9. Nbd2 Bd7 10. Nf1 Qd8 11. Bb3 Be6 12. Bc2 Nh5 13. d4 exd4 14. cxd4 Nxd4 15. Nxd4 Bxd4 16. Qxd4 c5 17. Qc3 Qh4 18. Bd1 c4 19. b3 Rac8 20. Bb2 Qg5 21. Bxh5 Bxh3 22. Bf3 cxb3 23. Qxb3 Be6 24. Qxb7 f6 25. Rac1 Rf7 26. Rxc8+ Bxc8 27. Qxc8+ Rf8 28. Qe6+ Rf7 29. e5 fxe5 30. Be4 Qf4 31. f3 Qf6 32. Qxf6 Rxf6 33. Ne3 Rf8 34. Rd1 Rd8 35. Bxe5 Rb8 36. Rxd6 a5 37. Rd7 a4 38. Rxg7+ Kf8 39. Rg4 Rb5 40. Rf4+ Ke7 41. Bf6+ Kd6 42. Bd4 Rb4 43. Bb6 Rxb6 44. Nc4+ Kc5 45. Nxb6 Kxb6 46. Bc2 a3 47. Re4 Kc5 48. f4 Kd5 49. f5 h5 50. f6 h4 51. f7 h3 52. f8Q h2+ 53. Kxh2 Kc6 54. Qf5 Kd6 55. Re6+ Kd7 56. Qf7+ Kd8 57. Re8# 1-0